[Event "25th ECh U20"]
[Site "Tallinn EST"]
[Date "1997.09.20"]
[Round "11"]
[White "Dumitrescu, Dragos"]
[Black "Rabinovich, Alexander"]
[Result "1-0"]
[WhiteElo "2410"]
[BlackElo "2415"]
[EventDate "1997.09.10"]
[PlyCount "102"]

1.d4 d5 2.Bg5 h6 3.Bh4 c6 4.Nf3 Qb6 5.b3 a5 6.a3 Bg4 7.e3 Nd7 8.Be2 e6 9.
O-O f5 10.h3 Bxf3 11.Bxf3 Bd6 12.c4 Qc7 13.Bh5+ Kf8 14.Nc3 g5 15.Bg3 Bxg3 
16.fxg3 Qxg3 17.Rf3 Qd6 18.e4 Ne7 19.cxd5 cxd5 20.exf5 exf5 21.Bg4 f4 22.
Nb5 Qb6 23.Bxd7 Rd8 24.Qe2 Rxd7 25.Qe5 Rg8 26.Re1 Kf7 27.a4 Qf6 28.g3 Ng6 
29.Qe2 Re7 30.Qd2 Rxe1+ 31.Qxe1 b6 32.Qc3 Qe7 33.Rf1 Re8 34.Qc6 Rd8 35.
Qxb6 Qe3+ 36.Kh1 Qe4+ 37.Kg1 Qe3+ 38.Kh1 Qe4+ 39.Kg1 Rd7 40.Nd6+ Rxd6 41.
Qxd6 Qxd4+ 42.Rf2 Ne5 43.Qxh6 Qd1+ 44.Kg2 f3+ 45.Kh2 g4 46.Qf4+ Ke6 47.
hxg4 d4 48.g5 Kd5 49.g6 Qb1 50.Rd2 f2 51.Qxd4+ Kc6 1-0

[Event "25th ECh U20"]
[Site "Tallinn EST"]
[Date "1997.09.20"]
[Round "11"]
[White "Ruck, Robert"]
[Black "Hunt, Harriet"]
[Result "0-1"]
[WhiteElo "2465"]
[BlackElo "2360"]
[EventDate "1997.09.10"]
[PlyCount "78"]

1.c4 e6 2.d4 Nf6 3.g3 d5 4.Bg2 dxc4 5.Nf3 Nc6 6.O-O Rb8 7.Nc3 Bb4 8.Qc2 
O-O 9.Rd1 b5 10.Ne5 Ne7 11.Bg5 Bxc3 12.bxc3 Bb7 13.e4 Nd7 14.a4 f6 15.Nxd7
Qxd7 16.Bf4 a6 17.axb5 axb5 18.Ra7 Nc6 19.Raa1 Ra8 20.Rab1 Na5 21.Bh3 c6 
22.Qe2 Rfe8 23.Ra1 Nb3 24.Rxa8 Bxa8 25.Qh5 Qf7 26.Qf3 Bb7 27.Bd6 Rd8 28.
Bb4 g6 29.Qe2 Kg7 30.f4 Qe8 31.Bg2 Qd7 32.Re1 Qc7 33.Qf2 c5 34.dxc5 Rd2 
35.Re2 Rxe2 36.Qxe2 Nxc5 37.e5 Nd3 38.exf6+ Kxf6 39.Bxb7 Qxb7 0-1

[Event "25th ECh U20"]
[Site "Tallinn EST"]
[Date "1997.09.20"]
[Round "11"]
[White "Belichev, Nikolai"]
[Black "Banikas, Hristos"]
[Result "1-0"]
[WhiteElo "2345"]
[BlackElo "2450"]
[EventDate "1997.09.10"]
[PlyCount "99"]

1.d4 Nf6 2.c4 g6 3.Nc3 Bg7 4.e4 d6 5.Nf3 O-O 6.Be2 e5 7.O-O exd4 8.Nxd4 
Re8 9.f3 Nc6 10.Be3 Nh5 11.Qd2 f5 12.Nxc6 bxc6 13.c5 f4 14.Bf2 Be5 15.Bc4+
Kg7 16.Rfd1 Qg5 17.cxd6 cxd6 18.Bd4 Be6 19.Bxe5+ Qxe5 20.Bxe6 Rxe6 21.Rac1
Qc5+ 22.Qd4+ Qxd4+ 23.Rxd4 Kf7 24.Rc4 c5 25.Nd5 Rc8 26.Ra4 h6 27.Rxa7+ Kf8
28.b4 g5 29.b5 Nf6 30.Nxf6 Rxf6 31.b6 Rb8 32.Rb1 d5 33.b7 Ke7 34.exd5 Kd7 
35.Ra5 Rd6 36.Rxc5 Ra6 37.Rb2 Ra7 38.Rcb5 Kd6 39.Kf2 h5 40.Ke2 g4 41.Kd3 
gxf3 42.gxf3 Ra4 43.R5b4 Ra3+ 44.Ke4 Re8+ 45.Kxf4 Rf8+ 46.Kg5 Rb8 47.f4 h4
48.Kxh4 Kxd5 49.Kg5 Rd3 50.Rc2 1-0

[Event "25th ECh U20"]
[Site "Tallinn EST"]
[Date "1997.09.20"]
[Round "11"]
[White "Pandars, Maris"]
[Black "Kelly, Brian"]
[Result "0-1"]
[WhiteElo "2205"]
[BlackElo "2390"]
[EventDate "1997.09.10"]
[PlyCount "62"]

1.e4 e6 2.Nc3 d5 3.Nf3 Nf6 4.e5 Nfd7 5.d4 c5 6.Bb5 Nc6 7.O-O Be7 8.Re1 O-O
9.Ne2 Qb6 10.Ba4 cxd4 11.Nexd4 Nc5 12.c3 Nxa4 13.Qxa4 Bd7 14.Qd1 Rfc8 15.
Qe2 a6 16.Be3 Qc7 17.Kh1 Na5 18.Rad1 b5 19.Bg5 Bf8 20.a3 Nc4 21.Rd3 a5 22.
Bc1 b4 23.Ng5 h6 24.Nxf7 Kxf7 25.Bxh6 Qxe5 26.Qf3+ Kg8 27.Qd1 Qd6 28.Rg3 
e5 29.Qh5 Ra6 30.Nf5 Bxf5 31.Qxf5 Qe6 0-1

[Event "25th ECh U20"]
[Site "Tallinn EST"]
[Date "1997.09.20"]
[Round "11"]
[White "Stocek, Jiri"]
[Black "Jakupovic, Neven"]
[Result "1-0"]
[WhiteElo "2470"]
[BlackElo "2090"]
[EventDate "1997.09.10"]
[PlyCount "115"]

1.Nf3 b6 2.g3 Bb7 3.Bg2 e6 4.O-O Be7 5.c4 c5 6.Nc3 Nf6 7.Re1 O-O 8.e4 Nc6 
9.d4 cxd4 10.Nxd4 Nxd4 11.Qxd4 d6 12.b3 Qd7 13.Ba3 Rad8 14.Rad1 Qc8 15.Nb5
Qa8 16.Bxd6 Bxd6 17.Nxd6 Ne8 18.c5 bxc5 19.Qxc5 Nxd6 20.Rxd6 Rxd6 21.Qxd6 
Rd8 22.Qf4 Rd4 23.Rc1 f6 24.Bf3 Rd7 25.Bg4 Kf7 26.Rc7 Qd8 27.Qd6 Qxc7 28.
Qxe6+ Kf8 29.Qxd7 Qxd7 30.Bxd7 Bxe4 31.Kf1 Ke7 32.Bb5 Kd6 33.Ke2 h6 34.Ke3
Bb1 35.a3 Bc2 36.Bc4 Ke5 37.f4+ Kd6 38.Kd4 g5 39.b4 gxf4 40.gxf4 Bd1 41.
Bb5 Bg4 42.a4 Bf5 43.a5 Bc8 44.Bc4 Bb7 45.b5 Ba8 46.Bd3 Bg2 47.h4 Bf3 48.
Be4 Be2 49.b6 axb6 50.axb6 Bf1 51.f5 Bh3 52.b7 Kc7 53.Kd5 Kxb7 54.Ke6+ Kc7
55.Kxf6 Kd6 56.Kg7 h5 57.f6 Be6 58.Bg6 1-0

[Event "25th ECh U20"]
[Site "Tallinn EST"]
[Date "1997.09.20"]
[Round "11"]
[White "Agopov, Mikael"]
[Black "Papazov, Yvajlo"]
[Result "0-1"]
[WhiteElo "2300"]
[BlackElo "2240"]
[EventDate "1997.09.10"]
[PlyCount "130"]

1.e4 e5 2.Nf3 Nc6 3.Bb5 a6 4.Bxc6 dxc6 5.O-O f6 6.d4 exd4 7.Nxd4 c5 8.Ne2 
Qxd1 9.Rxd1 Be6 10.Nf4 Bf7 11.Nc3 Ne7 12.Be3 Nc6 13.Rd2 Ne5 14.b3 Bd6 15.
Nfd5 O-O 16.Rad1 c4 17.b4 f5 18.a3 Ng4 19.exf5 Bxh2+ 20.Kh1 Nxe3 21.fxe3 
Be5 22.Ne4 Bxd5 23.Rxd5 Rxf5 24.g4 c6 25.Rc5 b6 26.Rxc4 Rf3 27.Rd3 Rh3+ 
28.Kg2 Rh2+ 29.Kg1 Rh6 30.Rd7 Re8 31.Kf1 Bb2 32.Nd6 Rf8+ 33.Kg2 Rg6 34.a4 
Be5 35.Rxc6 Rxg4+ 36.Kh3 Rg6 37.Nc8 Rf3+ 38.Kh4 Bf6+ 39.Rxf6 Rgxf6 40.Rd8+
Kf7 41.Rd7+ Kg8 42.Rd8+ Rf8 43.Rxf8+ Kxf8 44.Nxb6 Rxe3 45.c4 g6 46.a5 Ke8 
47.b5 Ra3 48.bxa6 Rxa5 49.Nd5 Kd8 50.Nb4 Ra4 51.a7 Kd7 52.Kg5 Rxa7 53.c5 
Ra4 54.Nd5 Kc6 55.Nf6 Ra7 56.Kh6 Kxc5 57.Ne4+ Kd5 58.Ng5 Ke5 59.Nf3+ Kf5 
60.Ng5 Kg4 61.Nf7 Re7 62.Ng5 Re5 63.Nxh7 g5 64.Nf6+ Kh4 65.Nh5 Re6+ 0-1

[Event "25th ECh U20"]
[Site "Tallinn EST"]
[Date "1997.09.20"]
[Round "11"]
[White "Johansen, Terje"]
[Black "Marzolo, Cyril"]
[Result "0-1"]
[WhiteElo "2210"]
[BlackElo "2320"]
[EventDate "1997.09.10"]
[PlyCount "78"]

1.d4 d5 2.c4 c6 3.Nc3 Nf6 4.Nf3 a6 5.Bg5 Ne4 6.Bf4 Nxc3 7.bxc3 dxc4 8.g3 
Nd7 9.Bg2 e6 10.Nd2 Nb6 11.a4 a5 12.e4 Be7 13.Be3 O-O 14.O-O Bd7 15.Qc2 
Rc8 16.e5 c5 17.Bxb7 Rc7 18.Be4 h6 19.Qc1 cxd4 20.cxd4 Nd5 21.Bb1 c3 22.
Qc2 g6 23.Ne4 Nb4 24.Qe2 c2 25.Ba2 Bc6 26.Bxh6 Qxd4 27.Bxf8 Kxf8 28.Nf6 
Bxf6 29.exf6 Bb7 30.Bb3 Ba6 31.Qf3 Bb7 32.Qe2 Qxf6 33.Qe3 Rc3 34.Qb6 Qf3 
35.Qd8+ Kg7 36.Qd4+ f6 37.Qd7+ Kh6 38.Qd2+ g5 39.Bd5 Bxd5 0-1

[Event "25th ECh U20"]
[Site "Tallinn EST"]
[Date "1997.09.20"]
[Round "11"]
[White "Zaveckis, Laurynas"]
[Black "Balogh, Peter"]
[Result "1/2-1/2"]
[WhiteElo "2235"]
[BlackElo "2285"]
[EventDate "1997.09.10"]
[PlyCount "26"]

1.e4 e6 2.d4 d5 3.Nd2 c5 4.exd5 Qxd5 5.Ngf3 cxd4 6.Bc4 Qd6 7.O-O Nf6 8.Nb3
Nc6 9.Nbxd4 Nxd4 10.Nxd4 Bd7 11.b3 O-O-O 12.a4 Qc7 13.Qe2 h5 1/2-1/2

[Event "25th ECh U20"]
[Site "Tallinn EST"]
[Date "1997.09.20"]
[Round "11"]
[White "Zhitin, Juri"]
[Black "Grotz, Harald"]
[Result "1-0"]
[WhiteElo "2215"]
[BlackElo "2245"]
[EventDate "1997.09.10"]
[PlyCount "52"]

1.d4 Nf6 2.c4 c5 3.d5 b5 4.cxb5 a6 5.e3 Bb7 6.Nc3 Qa5 7.Bd2 axb5 8.Bxb5 
Qb6 9.Bc4 e6 10.Qf3 exd5 11.Nxd5 Nxd5 12.Bxd5 Bxd5 13.Qxd5 Qxb2 14.Qxa8 
Qxa1+ 15.Ke2 Bd6 16.Qd5 Be7 17.g3 Qf6 18.Nh3 O-O 19.Rc1 Qa6+ 20.Kf3 Nc6 
21.Nf4 Ra8 22.Bc3 Qb7 23.e4 Ra3 24.Kg2 Qa7 25.Nd3 Rxa2 26.Ne5 c4 1-0

[Event "25th ECh U20"]
[Site "Tallinn EST"]
[Date "1997.09.20"]
[Round "11"]
[White "Andrade, Jose Veira"]
[Black "Janssen, Ruud"]
[Result "1/2-1/2"]
[WhiteElo "2100"]
[BlackElo "2330"]
[EventDate "1997.09.10"]
[PlyCount "34"]

1.e4 c5 2.Nf3 e6 3.d4 cxd4 4.Nxd4 Nf6 5.Nc3 Nc6 6.a3 d6 7.Be3 Be7 8.Be2 
O-O 9.O-O Qc7 10.f4 a6 11.Kh1 Bd7 12.Bf3 Nxd4 13.Bxd4 Bc6 14.Qe1 b5 15.Qg3
Qb7 16.Rae1 Rad8 17.Nd1 Kh8 1/2-1/2

[Event "25th ECh U20"]
[Site "Tallinn EST"]
[Date "1997.09.20"]
[Round "11"]
[White "Meyer, Harvey"]
[Black "Ooms, Andy"]
[Result "1/2-1/2"]
[WhiteElo "2160"]
[BlackElo "2170"]
[EventDate "1997.09.10"]
[PlyCount "55"]

1.e4 c5 2.Nf3 e6 3.c3 Nf6 4.e5 Nd5 5.d4 cxd4 6.Qxd4 Nc6 7.Qe4 f5 8.Qe2 b6 
9.g3 Qc7 10.Bg2 Ncb4 11.c4 b5 12.a3 Qa5 13.O-O bxc4 14.Bd2 Qa6 15.Nc3 Nxc3
16.Bxc3 Nd5 17.Rfc1 Bb7 18.Bd4 Rc8 19.Nd2 Be7 20.Rxc4 O-O 21.Bf1 Rxc4 22.
Qxc4 Qxc4 23.Nxc4 Ra8 24.Na5 Bc8 25.Rc1 Bd8 26.Nc4 Ba6 27.f4 g5 28.Ne3 
1/2-1/2